000 00355nam a2200145Ia 4500
008 230917s9999||||xx |||||||||||||| ||und||
040 _e129838
_aMAIN
041 _aEnglish
082 _a954.02 S23V
100 _aSharma, G D
245 0 _aVakil reports maharjan 1693-1712A.D
260 _aBaroda
_bRadha Krishan
_c1968
300 _a388 p.
942 _cBK
999 _c57032
_d57032